000 00936nam a2200121Ia 4500
008 220620s9999||||xx |||||||||||||| ||und||
100 _aOrr, Dominic||Luebcke, Maren||Schmidt, J. Philipp||Ebner, Markus||Wannemacher, Klaus||Ebner, Martin||Dohmen, Dieter
245 0 _aHigher Education Landscape 2030
_bA Trend Analysis Based on the AHEAD International Horizon Scanning
546 _aEnglish[eng]
650 _aHigher Education||Organization||International and Comparative Education||Business and Management||Higher education systems||Learning pathways||Education organizations||Practical case studies in education||New didactics and learning theories||Knowledge in a Digitalized World||Digital learning||Open Access||Higher & further education, tertiary education||Organizational theory & behaviour||Education
856 _uhttps://library.oapen.org/bitstream/20.500.12657/39550/1/2020_Book_HigherEducationLandscape2030.pdf
942 _cEB
999 _c28085
_d28085